[Event "VI Sunway Sitges Open 2019"]
[Site "Sitges"]
[Date "2019.12.22"]
[Round "12.1"]
[White "Heimann, Andreas"]
[Black "Puranik, Abhimanyu"]
[Result "0-1"]
[WhiteElo "2617"]
[BlackElo "2580"]
[Annotator "RC"]
[PlyCount "108"]
[EventDate "2019.12.13"]
[EventType "swiss"]
[EventCountry "ESP"]
[SourceTitle "playchess.com"]
[Source "ChessBase"]
[SourceQuality "1"]

1. e4 e5 2. Nf3 Nc6 3. Bb5 a6 4. Ba4 Nf6 5. d3 Bc5 6. c3 b5 7. Bc2 d6 8. O-O h6 9. Re1 O-O 10. Nbd2 Ng4 11. Rf1 f5 12. Bb3+ Kh8 13. Bd5 Bd7 14. Nb3 Bb6 15. exf5 Rxf5 16. Be4 Rf8 17. d4 Nf6 18. Bc2 e4 19. Nh4 Qe8 20. f3 Qh5 21. g3 Bh3 22. Ng2 Bxg2 23. Kxg2 Qd5 24. Be3 exf3+ 25. Qxf3 Ng4 26. Bf4 Ne3+ 27. Bxe3 Rxf3 28. Rxf3 Rf8 29. Raf1 g5 30. g4 Ne5 31. dxe5 Bxe3 32. exd6 cxd6 33. Bf5 Rxf5 34. gxf5 g4 35. f6 gxf3+ 36. Rxf3 Kg8 37. f7+ Kf8 38. Kg3 Qg5+ 39. Kh3 Bf4 40. Nd4 Qh5+ 41. Kg2 Qxh2+ 42. Kf1 Kxf7 43. Ne2 Qh1+ 44. Kf2 Qb1 45. Rxf4+ Ke7 46. b4 Qxa2 47. Re4+ Kd7 48. Rh4 Qf7+ 49. Rf4 Qg6 50. Ke3 h5 51. Nd4 Qg1+ 52. Ke4 h4 53. Rf7+ Ke8 54. Rf3 h3 0-1

[Event "VI Sunway Sitges Open 2019"]
[Site "Sitges"]
[Date "2019.12.22"]
[Round "12.2"]
[White "Puranik, Abhimanyu"]
[Black "Heimann, Andreas"]
[Result "0-1"]
[WhiteElo "2580"]
[BlackElo "2617"]
[Annotator "TA"]
[PlyCount "46"]
[EventDate "2019.12.13"]
[EventType "swiss"]
[EventCountry "ESP"]
[SourceTitle "playchess.com"]
[Source "ChessBase"]
[SourceQuality "1"]

1. e4 c5 2. c3 Nf6 3. e5 Nd5 4. Nf3 d6 5. d4 cxd4 6. cxd4 e6 7. Bc4 Be7 8. O-O O-O 9. Qe2 b6 10. Bxd5 exd5 11. Re1 Nc6 12. Qb5 Bb7 13. exd6 Bxd6 14. Nc3 Nb4 15. Qa4 Nd3 16. Rd1 Nxc1 17. Raxc1 a6 18. Ne5 Re8 19. Re1 b5 20. Qb3 Bxe5 21. dxe5 d4 22. e6 Rxe6 23. Rxe6 Qg5 0-1

[Event "VI Sunway Sitges Open 2019"]
[Site "Sitges"]
[Date "2019.12.22"]
[Round "12.2"]
[White "Li, Di"]
[Black "Tabatabaei, M.amin"]
[Result "1/2-1/2"]
[WhiteElo "2543"]
[BlackElo "2635"]
[Annotator "TA"]
[PlyCount "132"]
[EventDate "2019.12.13"]
[EventType "swiss"]
[EventCountry "ESP"]
[SourceTitle "playchess.com"]
[Source "ChessBase"]
[SourceQuality "1"]

1. Nf3 d5 2. g3 g6 3. Bg2 Bg7 4. d4 Nf6 5. O-O O-O 6. c3 c6 7. Bf4 Nbd7 8. Nbd2 Nh5 9. Be3 e5 10. dxe5 Nxe5 11. Bd4 Re8 12. Nxe5 Bxe5 13. Nf3 Bxd4 14. Nxd4 Nf6 15. a4 a5 16. e3 Bg4 17. Qc2 Qd7 18. Rfe1 Kg7 19. b4 Bh3 20. Bh1 h5 21. f3 Qd6 22. Qd2 Re7 23. Nb3 axb4 24. cxb4 Rae8 25. Qd4 Kg8 26. a5 Bc8 27. Nc5 Nd7 28. Nd3 Ne5 29. Nxe5 Qxe5 30. Qxe5 Rxe5 31. Kf2 Kg7 32. Ra3 f6 33. Rd1 g5 34. Bg2 Bf5 35. Rd4 R5e7 36. h3 Bg6 37. Bf1 Rc7 38. Rc3 Ree7 39. h4 Bf5 40. Bd3 Bxd3 41. Rcxd3 Kg6 42. Rc3 Red7 43. Rc5 Re7 44. Ke2 Re5 45. Kd2 Rce7 46. Rc3 R5e6 47. Ke2 Re5 48. Kf2 R5e6 49. Rdd3 Re5 50. Rc5 g4 51. b5 gxf3 52. a6 bxa6 53. bxc6 Rc7 54. Kxf3 Re6 55. Rdc3 Rd6 56. Rc1 d4 57. exd4 Rxd4 58. R1c4 Rd6 59. Kf4 a5 60. g4 hxg4 61. Kxg4 a4 62. h5+ Kh6 63. Kh4 a3 64. Ra4 Rdxc6 65. Rxc6 Rxc6 66. Rxa3 Rc4+ 1/2-1/2

[Event "VI Sunway Sitges Open 2019"]
[Site "Sitges"]
[Date "2019.12.22"]
[Round "12.3"]
[White "Puranik, Abhimanyu"]
[Black "Heimann, Andreas"]
[Result "1-0"]
[WhiteElo "2580"]
[BlackElo "2617"]
[Annotator "TA"]
[PlyCount "122"]
[EventDate "2019.12.13"]
[EventType "swiss"]
[EventCountry "ESP"]
[SourceTitle "playchess.com"]
[Source "ChessBase"]
[SourceQuality "1"]

1. e4 e5 2. Nf3 Nc6 3. Bc4 Nf6 4. d3 Bc5 5. c3 d6 6. O-O a6 7. a4 Ba7 8. Nbd2 O-O 9. h3 Be6 10. a5 Bxc4 11. Nxc4 d5 12. Ncxe5 Nxe5 13. Nxe5 dxe4 14. Bg5 Qd5 15. Bxf6 gxf6 16. Ng4 Qxd3 17. Nxf6+ Kg7 18. Nh5+ Kh8 19. Qg4 Rg8 20. Qf4 Qf3 21. Qe5+ f6 22. Qxf6+ Qxf6 23. Nxf6 Rg6 24. Nxe4 Re8 25. Rfe1 Rge6 26. Ra4 Rf8 27. Re2 Rg6 28. Rc4 c6 29. Rb4 Rg7 30. Nd6 Bc5 31. Ne8 Re7 32. Rxe7 Bxe7 33. Rxb7 Rxe8 34. Rb6 Bc5 35. Rxa6 Re1+ 36. Kh2 Bxf2 37. Rxc6 Kg7 38. a6 h5 39. g4 h4 40. Kg2 Re2 41. b4 Ra2 42. Kf3 Be1 43. b5 Ra3 44. Ke4 Bxc3 45. Rxc3 Rxc3 46. a7 Ra3 47. b6 Kf6 48. b7 Rxa7 49. b8=Q Ra4+ 50. Kd5 Ra5+ 51. Kc4 Ra4+ 52. Kb3 Re4 53. Qf8+ Ke5 54. Qe7+ Kf4 55. Qxh4 Re3+ 56. Kc2 Kf3 57. Kd1 Kf4 58. Qf6+ Kg3 59. g5 Rd3+ 60. Ke2 Ra3 61. Qe6 Kg2 1-0

[Event "VI Sunway Sitges Open 2019"]
[Site "Sitges"]
[Date "2019.12.22"]
[Round "13.1"]
[White "Tabatabaei, M.amin"]
[Black "Puranik, Abhimanyu"]
[Result "0-1"]
[WhiteElo "2635"]
[BlackElo "2580"]
[Annotator "TA"]
[PlyCount "112"]
[EventDate "2019.12.13"]
[EventType "swiss"]
[EventCountry "ESP"]
[SourceTitle "playchess.com"]
[Source "ChessBase"]
[SourceQuality "1"]

1. e4 e5 2. Nf3 Nc6 3. Bb5 a6 4. Ba4 Nf6 5. O-O b5 6. Bb3 Bb7 7. d3 Be7 8. a3 O-O 9. Nc3 Nd4 10. Nxd4 exd4 11. Ne2 c5 12. Ng3 d5 13. e5 Nd7 14. f4 Re8 15. Qf3 Rb8 16. Bd2 c4 17. Ba2 Bf8 18. Rae1 Qb6 19. Kh1 f6 20. Qg4 Qe6 21. f5 Nxe5 22. Qxd4 Qc6 23. Bb4 Kh8 24. Nh5 Bxb4 25. axb4 Qd7 26. Bb1 Rbc8 27. c3 Nc6 28. Qg4 d4 29. cxd4 Nxb4 30. dxc4 bxc4 31. Nf4 Rxe1 32. Rxe1 Re8 33. Re6 Nd3 34. Qh5 Rd8 35. Ng6+ Kg8 36. Ne7+ Kh8 37. Bxd3 cxd3 38. Re3 h6 39. Ng6+ Kh7 40. Rxd3 Re8 41. h3 Re1+ 42. Kh2 Qd6+ 43. Rg3 Qxd4 44. h4 Qg1+ 45. Kh3 Qh1+ 46. Kg4 Re4+ 47. Nf4 Qd1+ 48. Rf3 Re5 49. Ne6 Bxf3+ 50. gxf3 Qg1+ 51. Kh3 Qh1+ 52. Kg3 Qe1+ 53. Kh3 Rxe6 54. fxe6 Qxe6+ 55. Kg2 f5 56. Kf2 g6 0-1

[Event "VI Sunway Sitges Open 2019"]
[Site "Sitges"]
[Date "2019.12.22"]
[Round "13.1"]
[White "Heimann, Andreas"]
[Black "Li, Di"]
[Result "1/2-1/2"]
[WhiteElo "2617"]
[BlackElo "2543"]
[Annotator "RC"]
[PlyCount "89"]
[EventDate "2019.12.13"]
[EventType "swiss"]
[EventCountry "ESP"]
[SourceTitle "playchess.com"]
[Source "ChessBase"]
[SourceQuality "1"]

1. e4 e6 2. d4 d5 3. Nc3 dxe4 4. Nxe4 Bd7 5. Nf3 Bc6 6. Ned2 Nd7 7. Bd3 Ngf6 8. O-O Be7 9. Re1 Bxf3 10. Nxf3 c6 11. c3 O-O 12. Qc2 Re8 13. Ne5 g6 14. Bf4 Nd5 15. Bg3 Bf6 16. Rad1 Bg7 17. a3 Nxe5 18. dxe5 b5 19. c4 bxc4 20. Bxc4 Qb6 21. Rd3 a5 22. b3 Bf8 23. Qc1 Qc5 24. a4 Nb6 25. Rc3 Qa3 26. Qxa3 Bxa3 27. Rd1 Red8 28. Rxd8+ Rxd8 29. Bf1 c5 30. Rd3 Nd5 31. Rd1 Bb2 32. Bc4 Bd4 33. Kf1 Ne7 34. f4 Nf5 35. Bf2 h5 36. Ke2 Rb8 37. Be1 Ne3 38. Rd3 Nxc4 39. bxc4 Rb2+ 40. Rd2 Rb3 41. Rd3 Rb2+ 42. Rd2 Rb3 43. Rd3 Rb2+ 44. Rd2 Rb3 45. Rd3 1/2-1/2

[Event "VI Sunway Sitges Open 2019"]
[Site "Sitges"]
[Date "2019.12.22"]
[Round "13.2"]
[White "Puranik, Abhimanyu"]
[Black "Tabatabaei, M.amin"]
[Result "0-1"]
[WhiteElo "2580"]
[BlackElo "2635"]
[Annotator "RC"]
[PlyCount "140"]
[EventDate "2019.12.13"]
[EventType "swiss"]
[EventCountry "ESP"]
[SourceTitle "playchess.com"]
[Source "ChessBase"]
[SourceQuality "1"]

1. e4 c5 2. Nc3 Nc6 3. Bb5 Nd4 4. Nf3 e6 5. Bd3 Nc6 6. Bb5 Nge7 7. Bxc6 Nxc6 8. d4 cxd4 9. Nxd4 a6 10. O-O d6 11. Nxc6 bxc6 12. Qd4 e5 13. Qc4 Qc7 14. f4 Be6 15. Qd3 exf4 16. Bxf4 Be7 17. Kh1 O-O 18. Qg3 Kh8 19. Rad1 Rad8 20. b3 h5 21. e5 d5 22. Rde1 h4 23. Qf3 Qa5 24. Bd2 Qc5 25. Qd3 Kg8 26. Ne2 Qb6 27. Nf4 c5 28. Qf3 g6 29. Ne2 Bf5 30. Nf4 Be6 31. c3 a5 32. h3 a4 33. Rb1 axb3 34. axb3 Rd7 35. Be3 d4 36. cxd4 cxd4 37. Bg1 Rfd8 38. b4 Bg5 39. Rfd1 Bf5 40. Rb2 Qb5 41. Nd3 Bxd3 42. Qxd3 Qxe5 43. b5 Be3 44. Bh2 Qd5 45. b6 Rc8 46. Bc7 Qb7 47. Re2 Rcxc7 48. bxc7 Rxc7 49. Rc2 Re7 50. Ra2 Re5 51. Rb1 Qd5 52. Rc2 Rg5 53. Qc4 Qe4 54. Qc6 Qxc6 55. Rxc6 Rd5 56. Rd1 Kg7 57. Rc4 f5 58. Rb4 Kf6 59. Kh2 Ke5 60. Rb3 Bf4+ 61. Kg1 Ke4 62. Kf2 Be3+ 63. Ke2 Rc5 64. Rb2 g5 65. Ra2 Rc3 66. Kf1 Kf4 67. Ra5 Rc2 68. Ra3 Rf2+ 69. Ke1 Rxg2 70. Rdd3 g4 0-1

[Event "VI Sunway Sitges Open 2019"]
[Site "Sitges"]
[Date "2019.12.22"]
[Round "13.2"]
[White "Li, Di"]
[Black "Heimann, Andreas"]
[Result "1/2-1/2"]
[WhiteElo "2543"]
[BlackElo "2617"]
[Annotator "RC"]
[PlyCount "163"]
[EventDate "2019.12.13"]
[EventType "swiss"]
[EventCountry "ESP"]
[SourceTitle "playchess.com"]
[Source "ChessBase"]
[SourceQuality "1"]

1. Nf3 d5 2. g3 Nf6 3. Bg2 e6 4. O-O Be7 5. d4 O-O 6. Bf4 c5 7. dxc5 Bxc5 8. c4 Nc6 9. Nc3 dxc4 10. Qa4 Qe7 11. Bg5 h6 12. Bxf6 Qxf6 13. Qxc4 Qe7 14. Rac1 Bd7 15. Ne4 Bb6 16. Nc5 Rfc8 17. Nxd7 Qxd7 18. Qb5 Rd8 19. e3 Rac8 20. a3 Qd5 21. Qxd5 exd5 22. b4 d4 23. b5 dxe3 24. bxc6 exf2+ 25. Kh1 Rxc6 26. Rxc6 bxc6 27. Ne5 c5 28. Nc4 Rd4 29. Rc1 Rd3 30. Bf1 Rf3 31. Kg2 Rf6 32. a4 Bc7 33. Rd1 Ra6 34. Rd7 Rc6 35. Bd3 Kf8 36. Be4 Re6 37. Bd5 Re7 38. Rxe7 Kxe7 39. Kxf2 h5 40. Kf3 g5 41. Ke4 Kf6 42. Bb7 g4 43. Bc8 Kg5 44. Ne3 Ba5 45. Bd7 Be1 46. Be8 f6 47. Nf5 Bf2 48. Ng7 f5+ 49. Nxf5 Bg1 50. Ng7 h4 51. gxh4+ Kxh4 52. Nf5+ Kg5 53. Bd7 Bxh2 54. Ne3 g3 55. Kf3 Bg1 56. Nc4 Bf2 57. a5 Kf6 58. a6 Ke7 59. Bf5 Kd8 60. Be4 Kc7 61. Kg4 Be1 62. Kf5 Bf2 63. Ke6 Bd4 64. Bb7 Bf2 65. Kf5 Bd4 66. Kf4 Bf2 67. Kf3 Be1 68. Be4 Bf2 69. Kg2 Be1 70. Kh3 Bf2 71. Bg2 Be1 72. Kg4 Bf2 73. Kf5 Bd4 74. Ke6 Bf2 75. Kd5 Bd4 76. Ke6 Bf2 77. Nd6 Kb6 78. Bb7 g2 79. Bxg2 Kxa6 80. Kd5 Kb6 81. Nc4+ Kc7 82. Bh3 1/2-1/2

[Event "VI Sunway Sitges Open 2019"]
[Site "Sitges"]
[Date "2019.12.22"]
[Round "13.3"]
[White "Tabatabaei, M.amin"]
[Black "Puranik, Abhimanyu"]
[Result "1-0"]
[WhiteElo "2635"]
[BlackElo "2580"]
[Annotator "RC"]
[PlyCount "111"]
[EventDate "2019.12.13"]
[EventType "swiss"]
[EventCountry "ESP"]
[SourceTitle "playchess.com"]
[Source "ChessBase"]
[SourceQuality "1"]

1. Nf3 Nf6 2. c4 g6 3. b3 Bg7 4. Bb2 O-O 5. g3 c6 6. Bg2 d5 7. O-O Re8 8. d4 Bf5 9. e3 a5 10. Nc3 Ne4 11. Qe2 Nxc3 12. Bxc3 Be4 13. Bh3 Bxf3 14. Qxf3 e6 15. Rfd1 a4 16. Qe2 Nd7 17. Bg2 axb3 18. axb3 Qb6 19. Qc2 f5 20. Be1 Nf6 21. Bf1 Ne4 22. f3 Ng5 23. Kg2 Nf7 24. f4 h5 25. b4 dxc4 26. Bxc4 Nd6 27. Bd3 Nb5 28. Qc5 Ra6 29. Kf3 Bf8 30. Qxb6 Rxb6 31. Rdb1 Nc7 32. Ra7 Nd5 33. b5 c5 34. dxc5 Bxc5 35. e4 fxe4+ 36. Bxe4 Re7 37. Bxg6 e5 38. Be4 Nf6 39. f5 Kg7 40. Ra4 Rd6 41. Rc4 b6 42. Bb4 Bxb4 43. Rbxb4 Rd2 44. Rc6 Rxh2 45. Rxb6 Rd7 46. Rb7 Rxb7 47. Bxb7 Rd2 48. Be4 Ng4 49. Bc6 Kf6 50. Ke4 Re2+ 51. Kd3 Re3+ 52. Kc4 Rxg3 53. b6 Ne3+ 54. Kc5 Nxf5 55. b7 Rc3+ 56. Kb6 1-0

[Event "VI Sunway Sitges Open 2019"]
[Site "Sitges"]
[Date "2019.12.22"]
[Round "13.3"]
[White "Li, Di"]
[Black "Heimann, Andreas"]
[Result "0-1"]
[WhiteElo "2543"]
[BlackElo "2617"]
[Annotator "ChessBase"]
[PlyCount "102"]
[EventDate "2019.12.13"]
[EventType "swiss"]
[EventCountry "ESP"]
[SourceTitle "playchess.com"]
[Source "ChessBase"]
[SourceQuality "1"]

1. Nf3 d5 2. d4 Nf6 3. c4 e6 4. Nc3 Bb4 5. Bg5 h6 6. Bxf6 Qxf6 7. Qb3 c5 8. cxd5 exd5 9. a3 Bxc3+ 10. Qxc3 b6 11. dxc5 Qxc3+ 12. bxc3 bxc5 13. O-O-O Be6 14. e3 Nd7 15. Bb5 O-O-O 16. c4 dxc4 17. Rd6 Nb6 18. Rc6+ Kb7 19. Rxc5 Rc8 20. Re5 a6 21. Kc2 axb5 22. Rxb5 Bd7 23. Rb4 Ba4+ 24. Kc3 Ka6 25. e4 Rhd8 26. Nd4 Rd6 27. Rhb1 Rcd8 28. f3 Rxd4 29. Rxb6+ Ka5 30. Rb7 Bb3 31. Ra7+ Kb5 32. a4+ Kc5 33. Rc7+ Kb6 34. Rxf7 R4d7 35. Rf5 Rd3+ 36. Kb4 Kc6 37. Rc5+ Kd6 38. Rb5 Ra8 39. a5 Kc6 40. Rb6+ Kc7 41. Re1 Ba2 42. Rg6 Rb3+ 43. Ka4 c3 44. Rc1 Rab8 45. Rxg7+ Kc6 46. Rg6+ Kc5 47. Rb6 R8xb6 48. axb6 Kxb6 49. Rc2 Kc5 50. Rxa2 Kc4 51. Ra1 Rb8 0-1

[Event "VI Sunway Sitges Open 2019"]
[Site "Sitges"]
[Date "2019.12.22"]
[Round "14.1"]
[White "Svane, Rasmus"]
[Black "Durarbayli, Vasif"]
[Result "1/2-1/2"]
[WhiteElo "2597"]
[BlackElo "2609"]
[Annotator "ChessBase"]
[PlyCount "155"]
[EventDate "2019.12.13"]
[EventType "swiss"]
[EventCountry "ESP"]
[SourceTitle "playchess.com"]
[Source "ChessBase"]
[SourceQuality "1"]

1. Nf3 c5 2. c4 Nc6 3. Nc3 g6 4. e3 Nf6 5. d4 cxd4 6. exd4 d5 7. cxd5 Nxd5 8. Qb3 Nxc3 9. Bc4 e6 10. bxc3 Bd7 11. Bd3 Na5 12. Qc2 Rc8 13. O-O Bg7 14. Ba3 Bf8 15. Bxf8 Kxf8 16. Rfe1 Kg7 17. Rac1 Qf6 18. Ne5 Rhd8 19. Qd2 Nc6 20. Ng4 Qh4 21. h3 h6 22. Qb2 h5 23. Ne3 b6 24. Ba6 Rb8 25. Rcd1 Qf6 26. Be2 Ne7 27. Qa3 a5 28. Nc4 Bc6 29. Ne5 Ba8 30. Bf1 Nd5 31. c4 Nb4 32. Qb2 Nc6 33. Nf3 Nb4 34. Re3 b5 35. a3 Nc6 36. c5 b4 37. a4 Ne7 38. Ne5 Nf5 39. Ree1 Rbc8 40. Rd2 Bd5 41. Ba6 Rc7 42. Bf1 Qg5 43. Rd3 Qf6 44. Kh2 Bb7 45. Kg1 Ba6 46. Rdd1 Bxf1 47. Rxf1 Nxd4 48. f4 Rxc5 49. Rxd4 Rxd4 50. Qxd4 Rd5 51. Qb6 g5 52. Qf2 gxf4 53. Nf3 e5 54. Re1 Qf5 55. Qe2 f6 56. Qc4 Qd7 57. Qc2 Rd3 58. Kh2 b3 59. Qb2 Qxa4 60. Nxe5 Re3 61. Nf3 Rxe1 62. Nxe1 Qc4 63. Qd2 a4 64. Qd7+ Kf8 65. Qd8+ Kf7 66. Qd7+ Kf8 67. Nf3 b2 68. Qd6+ Kf7 69. Qd7+ Kf8 70. Qd8+ Kf7 71. Qd7+ Kf8 72. Qb7 Qb3 73. Qc8+ Kf7 74. Qd7+ Kf8 75. Qd8+ Kf7 76. Qd7+ Kf8 77. Qd8+ Kf7 78. Qd7+ 1/2-1/2

[Event "VI Sunway Sitges Open 2019"]
[Site "Sitges"]
[Date "2019.12.22"]
[Round "14.2"]
[White "Durarbayli, Vasif"]
[Black "Svane, Rasmus"]
[Result "1-0"]
[WhiteElo "2609"]
[BlackElo "2597"]
[Annotator "TA"]
[PlyCount "55"]
[EventDate "2019.12.13"]
[EventType "swiss"]
[EventCountry "ESP"]
[SourceTitle "playchess.com"]
[Source "ChessBase"]
[SourceQuality "1"]

1. e4 e5 2. Nf3 Nc6 3. Bb5 Nf6 4. d3 Bc5 5. Bxc6 dxc6 6. O-O Qe7 7. Nbd2 Bd6 8. Nc4 Be6 9. Nfxe5 Bc5 10. Be3 Bxe3 11. Nxe3 Qb4 12. Qc1 O-O-O 13. a3 Qc5 14. Nf3 Ng4 15. b4 Qh5 16. a4 Rhe8 17. b5 c5 18. a5 c4 19. b6 cxb6 20. axb6 axb6 21. d4 Nf6 22. Qb2 b5 23. d5 Bd7 24. e5 Ng4 25. Nxg4 Qxg4 26. Qb4 Bf5 27. Qc5+ Kb8 28. d6 1-0